[Event "III Miedzynarodowy Memorial Ireny Warakomskiej - Open B"]
[Site "Suwalki"]
[Date "2019.08.12"]
[Round "2.9"]
[White "Kutowski, Marcel "]
[Black "Gryczka, Wlodzimierz "]
[Result "1-0"]
[WhiteTitle ""]
[BlackTitle ""]
[WhiteElo "1773"]
[BlackElo "2045"]

1. e4 Nf6 2. e5 Nd5 3. d4 d6 4. Nf3 Bg4 5. Be2 Nc6 6. c4 Nb6 7. exd6 exd6 8. b3
Be7 9. O-O Bf6 10. Be3 O-O 11. Nc3 d5 12. c5 Nc8 13. Qd2 N8e7 14. h3 Be6 15. Rab1
Nf5 16. a3 Nxe3 17. fxe3 Ne7 18. Bd3 Qd7 19. Qc2 h6 20. Ne2 Bf5 21. Nf4 Bxd3 22.
Qxd3 g5 23. Nh5 Bh8 24. b4 a6 25. Ne5 Qe6 26. b5 Ng6 27. Nxg6 fxg6 28. Ng3 Rae8
29. Rxf8+ Kxf8 30. Nf1 a5 31. Rb2 Kg8 32. Rf2 Bg7 33. Qc3 b6 34. cxb6 cxb6 35.
Rc2 Bf8 36. a4 Be7 37. Qd3 Rd8 38. Rc6 Rd6 39. Qc2 Kf7 40. Rc8 Qf5 41. Qxf5+ gxf5
42. Nd2 Bd8 43. Nf3 Ke6 44. Ne5 f4 45. exf4 gxf4 46. Kf2 Bf6 47. Re8+ Kf5 48.
Kf3 h5 49. Rf8 Re6 50. Nd7 Re3+ 51. Kf2 Re6 52. g3 fxg3+ 53. Kxg3 Re3+ 54. Kf2
Re6 55. Kf3 Kg5 56. h4+ Kg6 57. Rxf6+ Rxf6+ 58. Nxf6 Kxf6 59. Kf4 Ke6 60. Kg5
Kf7 61. Kxh5 Kf6 62. Kg4 Kg6 63. h5+ Kh6 64. Kh4 Kh7 65. Kg5 Kg7 66. Kf5 Kh6 67.
Ke6 Kxh5 68. Kxd5 1-0

[Event "III Miedzynarodowy Memorial Ireny Warakomskiej - Open B"]
[Site "Suwalki"]
[Date "2019.08.12"]
[Round "2.10"]
[White "Chojnowski, Marcin "]
[Black "Szydlo, Michal "]
[Result "1/2-1/2"]
[WhiteTitle ""]
[BlackTitle ""]
[WhiteElo "2038"]
[BlackElo "1865"]

1. e4 e5 2. Nf3 Nc6 3. Bb5 a6 4. Ba4 Nf6 5. O-O Nxe4 6. d4 b5 7. Bb3 d5 8. dxe5
Be6 9. c3 Be7 10. Nbd2 O-O 11. Nd4 Nxd4 12. cxd4 Nxd2 13. Bxd2 Qd7 14. Qf3 c6
15. Qg3 Kh8 16. Bg5 f6 17. exf6 Bxf6 18. Bxf6 Rxf6 19. Bc2 Bf5 20. Bxf5 Qxf5 21.
Rae1 Raf8 22. Re7 Rg6 23. Qe3 h6 24. g3 Qc2 25. Qc3 Qxc3 26. bxc3 Rf3 27. Rc1
a5 28. a4 bxa4 29. Ra7 c5 30. dxc5 Rc6 31. Rxa5 a3 32. Rxa3 Rxc5 33. Rd1 Rfxc3
34. Rxc3 Rxc3 35. Rxd5 Kh7 36. h4 Kg6 37. h5+ Kf6 38. Kh2 Rb3 39. f4 Ra3 40. Kh3
Rb3 41. Kh4 Rb4 42. Rd6+ Kf7 43. Rg6 Rc4 44. Kg4 Rb4 45. Ra6 Rb5 46. Ra7+ Kf6
47. Ra8 Kf7 48. Ra4 Kf6 49. Re4 Ra5 50. Re8 Rb5 51. Rf8+ Ke6 52. Kh4 Ra5 53. Rb8
Kf7 54. Rb3 Rc5 55. g4 Rc4 56. Kg3 Rc5 57. Kf3 Ra5 58. Rb4 Kf6 59. Ke4 Rc5 60.
Rb6+ Kf7 61. Rd6 Ra5 62. Rd5 Ra6 63. g5 hxg5 64. fxg5 Ke6 65. Re5+ Kf7 66. Kf5
Kg8 67. Rb5 Kh7 68. Rd5 g6+ 69. hxg6+ Rxg6 70. Rd8 Rg7 71. Rd6 Ra7 72. Kf6 Ra8
73. Rd7+ Kg8 74. Rd6 Rb8 75. Kg6 Ra8 76. Kh6 Rb8 77. Rg6+ Kh8 78. Ra6 Kg8 79.
Ra7 Rc8 80. Rg7+ Kh8 81. Rd7 Kg8 82. g6 Ra8 83. Rd6 Rb8 84. g7 Ra8 85. Kg6 Rb8
1/2-1/2

[Event "III Miedzynarodowy Memorial Ireny Warakomskiej - Open B"]
[Site "Suwalki"]
[Date "2019.08.12"]
[Round "2.11"]
[White "Kaliszuk, Kamil"]
[Black "Mirski, Michal "]
[Result "1-0"]
[WhiteTitle ""]
[BlackTitle ""]
[WhiteElo "1853"]
[BlackElo "2038"]

1. e4 d5 2. exd5 Qxd5 3. Nc3 Qd6 4. d4 a6 5. Nf3 Nf6 6. g3 b5 7. Bg2 Bb7 8. O-O
e6 9. Re1 Be7 10. Bf4 Qb6 11. a4 b4 12. a5 Qa7 13. Bxc7 Bxf3 14. Qxf3 Qxc7 15.
Nb5 axb5 16. Qxa8 O-O 17. a6 Nbd7 18. Qb7 Qxb7 19. Bxb7 Nb6 20. a7 Na8 21. d5
Bc5 22. dxe6 fxe6 23. Re5 Bxf2+ 24. Kg2 Ng4 25. Rxb5 Ne3+ 26. Kh3 Rf6 27. Rh5
Nxc2 28. Rc1 b3 29. Bxa8 1-0

[Event "III Miedzynarodowy Memorial Ireny Warakomskiej - Open B"]
[Site "Suwalki"]
[Date "2019.08.12"]
[Round "2.12"]
[White "Jankowiak, Piotr "]
[Black "Kacprzak, Kacper "]
[Result "0-1"]
[WhiteTitle ""]
[BlackTitle ""]
[WhiteElo "2033"]
[BlackElo "1856"]

1. d4 Nf6 2. Bf4 e6 3. e3 d5 4. Bd3 Be7 5. Nf3 a6 6. Nbd2 c5 7. c3 Nc6 8. Ne5 O-O
9. h4 Bd6 10. Qe2 Qc7 11. Nxc6 Bxf4 12. exf4 bxc6 13. Qe3 cxd4 14. cxd4 Ng4 15.
Qf3 f5 16. Nb3 Qb6 17. O-O a5 18. Qe2 Qb4 19. Rad1 Nf6 20. Nc5 Ne4 21. Bxe4 fxe4
22. g3 e5 23. a3 Qb6 24. fxe5 Bh3 25. f4 exf3 26. Rxf3 Rxf3 27. Qxf3 Qxb2 28.
g4 Rf8 29. Qxh3 Qf2+ 30. Kh1 Rf3 31. Qg2 Qxh4+ 32. Kg1 Rg3 33. Qxg3 Qxg3+ 34.
Kf1 Qxg4 35. e6 Qxd1+ 0-1

[Event "III Miedzynarodowy Memorial Ireny Warakomskiej - Open B"]
[Site "Suwalki"]
[Date "2019.08.12"]
[Round "2.13"]
[White "Bojczewski, Mateusz"]
[Black "Grzesik, Norbert "]
[Result "0-1"]
[WhiteTitle ""]
[BlackTitle ""]
[WhiteElo "1836"]
[BlackElo "2031"]

1. e4 c5 2. Nf3 g6 3. d4 cxd4 4. Nxd4 Nc6 5. Be3 Nf6 6. Nc3 Bg7 7. Be2 O-O 8. O-O
d6 9. Kh1 Bd7 10. f4 Qa5 11. Nb3 Qc7 12. g4 h6 13. Nd5 Nxd5 14. exd5 Nb4 15. c3
Nxd5 16. Bg1 Bc6 17. Bf3 Nxf4 18. Be3 Ne6 19. Qd2 Kh7 20. Qg2 Ng5 21. Bxg5 hxg5
22. Kg1 Qb6+ 23. Rf2 Bxf3 24. Qxf3 Be5 25. Nc1 Kg7 26. Nd3 Bf6 27. Nb4 Bd4 28.
cxd4 Qxb4 29. Qe3 Rae8 30. d5 Qxg4+ 31. Rg2 Qf4 32. Qxa7 b5 33. Rf1 Qe5 34. Qb7
Rb8 35. Qc6 Rfc8 36. Qd7 Rd8 37. Qc6 Qe3+ 38. Kh1 Rdc8 39. Qd7 Rc1 40. Rxc1 Qxc1+
41. Rg1 Qxb2 42. Qxe7 Qe5 43. Qxe5+ dxe5 44. Rxg5 f5 45. Rg1 Rd8 46. Rd1 Kf6 47.
a3 e4 48. d6 Ke6 49. Rb1 Rxd6 50. Rxb5 Ra6 51. Rb3 Ke5 52. Kg2 Kf4 53. Kf2 g5
54. Rc3 Rd6 55. Rc2 Rd4 56. Ke2 Kg4 57. Rc3 f4 58. Rb3 Ra4 59. Kf2 Ra6 60. Kg2
f3+ 61. Kf2 Kf4 62. Rc3 Rh6 63. Kg1 Rd6 64. Rc1 Rd4 65. Ra1 Ra4 66. Kf2 e3+ 67.
Kf1 Ke4 68. Ra2 Kd3 69. Kg1 Kc3 70. Ra1 Kb2 71. Rf1 g4 72. h3 f2+ 73. Kg2 gxh3+
74. Kxh3 Kc2 75. Kg2 Kd2 76. Ra1 Rg4+ 77. Kf3 Rg1 78. Ra2+ Kd3 0-1

[Event "III Miedzynarodowy Memorial Ireny Warakomskiej - Open B"]
[Site "Suwalki"]
[Date "2019.08.12"]
[Round "2.14"]
[White "Liberadzki, Slawomir "]
[Black "Bancarewicz, Aleks "]
[Result "1/2-1/2"]
[WhiteTitle ""]
[BlackTitle ""]
[WhiteElo "2030"]
[BlackElo "1773"]

1. c4 e5 2. Nc3 Nf6 3. g3 d5 4. cxd5 Nxd5 5. Bg2 Nb6 6. Nf3 Nc6 7. O-O Be7 8. d3
O-O 9. a3 Re8 10. b4 Bf8 11. Bb2 a5 12. b5 Nd4 13. Nd2 Rb8 14. e3 Ne6 15. Nc4
Nxc4 16. dxc4 Nc5 17. Qxd8 Rxd8 18. Nd5 Bd6 19. Bc3 Bg4 20. Ra2 b6 21. h3 Bh5
22. Rd2 f6 23. Bb2 1/2-1/2

[Event "III Miedzynarodowy Memorial Ireny Warakomskiej - Open B"]
[Site "Suwalki"]
[Date "2019.08.12"]
[Round "2.15"]
[White "Starosciak, Szymon "]
[Black "Rak, Tomasz"]
[Result "1/2-1/2"]
[WhiteTitle ""]
[BlackTitle ""]
[WhiteElo "1762"]
[BlackElo "2022"]

1. e4 c5 2. Nf3 Nc6 3. d4 cxd4 4. Nxd4 g6 5. c4 Bg7 6. Be3 Nf6 7. Nc3 O-O 8. Be2
d6 9. O-O Bd7 10. Qd2 Qb8 11. f3 Rd8 12. Rfd1 Be8 13. Rab1 a6 14. a4 e6 15. Nc2
Ne7 16. Bf4 Qa7+ 17. Qe3 d5 18. Qxa7 Rxa7 19. exd5 exd5 20. Be3 Raa8 21. c5 h5
22. Bd4 Bd7 23. Ne3 Be6 24. b4 Nc6 25. Nc2 Bf5 26. Bd3 Nxd4 27. Nxd4 Ne4 28. Bxe4
dxe4 29. Nxf5 Bxc3 30. Ne7+ Kh7 31. Nd5 Bg7 32. fxe4 Rac8 33. Nb6 Rxd1+ 34. Rxd1
Re8 35. Rd7 Rxe4 36. Nd5 a5 37. Rxb7 axb4 38. c6 Rc4 39. Nxb4 Bc3 40. c7 Bxb4
41. Rxb4 Rxc7 42. Rb1 Kg7 43. a5 Kf6 44. a6 Ra7 45. Ra1 Ke5 46. Kf2 Ke4 47. Kg3
g5 48. h4 g4 49. Ra5 f5 50. Ra4+ Ke5 51. Kf2 f4 52. Ke2 Kf5 53. Ra5+ Ke4 54. Ra4+
Kf5 55. Kf2 Ke5 56. Ke2 Kf5 57. Ra3 Ke4 58. Ra5 Kd4 59. Ra4+ Ke5 60. Kd3 Rd7+
61. Ke2 Rc7 62. Ra5+ Ke4 63. Kf2 Kd4 64. Ra1 Ke4 1/2-1/2

[Event "III Miedzynarodowy Memorial Ireny Warakomskiej - Open B"]
[Site "Suwalki"]
[Date "2019.08.12"]
[Round "2.16"]
[White "Mazalon, Mariusz "]
[Black "Jagura, Norbert "]
[Result "1-0"]
[WhiteTitle ""]
[BlackTitle ""]
[WhiteElo "2012"]
[BlackElo "1786"]

1. d4 e6 2. Nf3 Nf6 3. g3 b6 4. Bg2 Bb7 5. O-O Be7 6. c4 O-O 7. Nc3 d6 8. d5 e5
9. e4 h6 10. Nh4 Nh7 11. Nf5 Bc8 12. Nxe7+ Qxe7 13. f4 exf4 14. gxf4 f6 15. Be3
Nd7 16. Qd2 f5 17. e5 Ba6 18. e6 Ndf6 19. b3 Rfe8 20. Kh1 Nf8 21. Rg1 Kh7 22.
Bh3 g6 23. Qd3 Bb7 24. Bxf5 gxf5 25. Qxf5+ Kh8 26. Bd4 N8h7 27. Rg6 1-0

[Event "III Miedzynarodowy Memorial Ireny Warakomskiej - Open B"]
[Site "Suwalki"]
[Date "2019.08.12"]
[Round "2.17"]
[White "Jeda, Maciej "]
[Black "Karolczuk, Iwo "]
[Result "0-1"]
[WhiteTitle ""]
[BlackTitle ""]
[WhiteElo "1815"]
[BlackElo "1987"]

1. e4 c5 2. Nf3 e6 3. d4 cxd4 4. Nxd4 a6 5. Bd3 Nf6 6. O-O d6 7. a4 b6 8. Nc3 Bb7
9. Be3 g6 10. h3 Bg7 11. Qd2 O-O 12. Bh6 Nbd7 13. Bxg7 Kxg7 14. f4 Qc7 15. Qf2
Qc5 16. Rae1 e5 17. Nb3 Qxf2+ 18. Rxf2 exf4 19. Rxf4 Rfe8 20. Ref1 Re7 21. Kh2
Rae8 22. Nd2 Rc8 23. g4 h5 24. Nc4 hxg4 25. Nxd6 Rb8 26. Nxb7 Rxb7 27. Bxa6 Ra7
28. Bb5 g3+ 29. Kg2 Nh5 30. R4f3 Nc5 31. Bc6 Re5 32. Bd5 f6 33. b3 Rae7 34. b4
Ne6 35. Bxe6 R7xe6 36. Ne2 Rxe4 37. Nxg3 Nxg3 38. Kxg3 Rxb4 39. Rf4 Rxf4 40. Rxf4
Rc6 41. Rb4 Rc3+ 42. Kg4 Rxc2 43. Rxb6 Rc4+ 44. Kg3 Rxa4 45. Rb3 Kh6 46. Rc3 Kg5
47. Rb3 f5 48. Rc3 Rh4 49. Rc5 Re4 50. Rc3 Re8 51. Ra3 Kh5 52. Rb3 g5 53. Ra3
f4+ 54. Kf2 Kh4 55. Ra5 Re3 56. Kg2 Rg3+ 57. Kf2 Kxh3 58. Ra8 Kg4 59. Ra4 Rb3
60. Rc4 Rb2+ 0-1

[Event "III Miedzynarodowy Memorial Ireny Warakomskiej - Open B"]
[Site "Suwalki"]
[Date "2019.08.12"]
[Round "2.18"]
[White "Kaczmarek, Arkadiusz "]
[Black "Pavlytchev, Mikhail"]
[Result "1-0"]
[WhiteTitle ""]
[BlackTitle ""]
[WhiteElo "1986"]
[BlackElo "1790"]

1. d4 Nf6 2. c4 e6 3. Nf3 b6 4. g3 Bb7 5. Bg2 Be7 6. O-O O-O 7. Re1 d5 8. cxd5
exd5 9. Nc3 Ne4 10. Qb3 Nxc3 11. Qxc3 Nc6 12. a3 a5 13. b3 Qd7 14. Bf4 f6 15.
h4 Bd6 16. Bxd6 Qxd6 17. Rec1 Rfe8 18. e3 Re7 19. Ne1 Nd8 20. Nd3 Ne6 21. b4 Ba6
22. Nb2 Bb5 23. a4 axb4 24. Qb3 Bd7 25. Bxd5 Ra5 26. Bg2 b5 27. axb5 Rxa1 28.
Rxa1 Bxb5 29. Nc4 Qd7 30. Qxb4 g6 31. Ra5 Bxc4 32. Qxc4 Kg7 33. Bh3 f5 34. d5
Nd8 35. e4 Qd6 36. exf5 Qe5 37. Ra8 Nf7 38. fxg6 hxg6 39. Be6 Nd6 40. Qg4 Ne8
41. Qf3 Nf6 42. g4 g5 43. hxg5 Qxg5 44. Qc3 Qh4 45. Rg8+ Kh7 46. Qd3+ 1-0

[Event "III Miedzynarodowy Memorial Ireny Warakomskiej - Open B"]
[Site "Suwalki"]
[Date "2019.08.12"]
[Round "2.19"]
[White "Laskowski, Filip "]
[Black "Slabek, Grzegorz "]
[Result "1/2-1/2"]
[WhiteTitle ""]
[BlackTitle ""]
[WhiteElo "1842"]
[BlackElo "1982"]

1. c4 c6 2. g3 Nf6 3. Bg2 g6 4. b3 Bg7 5. Bb2 O-O 6. Nf3 d6 7. O-O Qa5 8. d3 Qh5
9. Nbd2 Bh3 10. e3 Nbd7 11. Nh4 Bxg2 12. Kxg2 Qxd1 13. Raxd1 a5 14. Nb1 Rfc8 15.
Nc3 b5 16. Rd2 b4 17. Na4 Rcb8 18. c5 Nxc5 19. Nxc5 dxc5 20. Rc1 Rb5 21. Rdc2
Nd7 22. Bxg7 Kxg7 23. Nf3 a4 24. d4 axb3 25. axb3 Raa5 26. Nd2 cxd4 27. exd4 c5
28. Nc4 Ra6 29. d5 Nf6 30. Rd2 Ne4 31. Re2 Nc3 32. Rxe7 Nxd5 33. Rd7 Nf6 34. Rc7
Nd5 35. Rd7 Nf6 36. Rc7 Nd5 1/2-1/2

[Event "III Miedzynarodowy Memorial Ireny Warakomskiej - Open B"]
[Site "Suwalki"]
[Date "2019.08.12"]
[Round "2.20"]
[White "Wierzbicki, Michal "]
[Black "Goraj, Barbara "]
[Result "0-1"]
[WhiteTitle ""]
[BlackTitle ""]
[WhiteElo "1978"]
[BlackElo "1800"]

1. d4 Nf6 2. c4 g6 3. Nc3 Bg7 4. Bg5 d6 5. Nf3 O-O 6. e3 c5 7. Be2 cxd4 8. Nxd4
Bd7 9. O-O Nc6 10. Rc1 Rc8 11. h3 Re8 12. Qd2 Qa5 13. Bh4 a6 14. Nb3 Qd8 15. f4
Na5 16. Nxa5 Qxa5 17. Rfd1 Bc6 18. a3 Qb6 19. Bd3 Qb3 20. Qc2 Qxc2 21. Rxc2 Kf8
22. b4 Nd7 23. Rdc1 Nb6 24. Bf2 Bd7 25. Nd1 Ba4 26. Rd2 Bb3 27. c5 dxc5 28. bxc5
Na4 29. e4 e5 30. g3 Red8 31. Be3 exf4 32. gxf4 Bxd1 33. Rcxd1 Nb2 34. Rb1 Rxd3
35. Rbxb2 Rxe3 36. Rxb7 Rxe4 37. f5 Bd4+ 38. Kg2 gxf5 39. Ra7 Rc6 40. Rc2 Rxc5
41. Rxc5 Bxc5 42. Rxa6 Re2+ 43. Kf3 Re3+ 44. Kf4 Rxa3 45. Rc6 Be7 46. h4 Ra4+
47. Kxf5 Rxh4 0-1

[Event "III Miedzynarodowy Memorial Ireny Warakomskiej - Open B"]
[Site "Suwalki"]
[Date "2019.08.12"]
[Round "2.21"]
[White "Sivickis, Wiktoria "]
[Black "Pytel, Maciej"]
[Result "1/2-1/2"]
[WhiteTitle ""]
[BlackTitle ""]
[WhiteElo "1793"]
[BlackElo "1977"]

1. d4 Nf6 2. Nf3 e6 3. Bf4 c5 4. e3 Nc6 5. c3 Be7 6. Bd3 Nh5 7. Bg3 f5 8. Ne5 Nxg3
9. Nxc6 dxc6 10. hxg3 Qd5 11. Qf3 O-O 12. Qxd5 exd5 13. Nd2 cxd4 14. exd4 Bd6
15. O-O-O g6 16. Nf3 f4 17. gxf4 Bxf4+ 18. Kc2 Bg4 19. Be2 Rae8 20. Rde1 Re7 21.
Ne5 Bxe5 22. Bxg4 Rxf2+ 23. Kb3 Bd6 24. Rxe7 Bxe7 25. Bf3 h5 26. Re1 Kf7 27. Re2
Rxe2 28. Bxe2 Kf6 29. Kc2 Kg5 30. Bd3 h4 31. Kd2 Bd6 32. Ke2 Bf4 33. b3 Bc1 34.
Kd1 Bf4 35. Ke2 Kf6 36. c4 Bh2 37. cxd5 cxd5 38. Bb5 Ke7 39. Bd3 Bg1 40. Bxg6
Bxd4 41. Kd3 Be5 42. Bf5 b5 43. a4 b4 44. Bg4 Kd6 45. Bf3 Bc3 46. Bg4 Bb2 47.
Bf3 Ke5 48. Bg4 Bd4 49. Bf3 Bb6 50. Bg4 Kf4 51. Be6 1/2-1/2

[Event "III Miedzynarodowy Memorial Ireny Warakomskiej - Open B"]
[Site "Suwalki"]
[Date "2019.08.12"]
[Round "2.22"]
[White "Litner, Igor "]
[Black "Wasik, Mateusz "]
[Result "1-0"]
[WhiteTitle ""]
[BlackTitle ""]
[WhiteElo "1974"]
[BlackElo "1761"]

1. d4 d5 2. Nf3 e6 3. c4 a6 4. cxd5 exd5 5. Bf4 Bd6 6. Bxd6 Qxd6 7. e3 Nf6 8. Bd3
Nc6 9. a3 O-O 10. Nbd2 Bg4 11. h3 Bh5 12. b4 Rfe8 13. Qc2 Bg6 14. Bxg6 hxg6 15.
O-O Ne4 16. Nxe4 dxe4 17. Nd2 f5 18. Qc5 Rad8 19. Qxd6 cxd6 20. Rfc1 d5 21. Rc5
Rd6 22. Rac1 Kf7 23. Nb3 Ree6 24. b5 axb5 25. Rxb5 Re7 26. Nc5 Nd8 27. Rcb1 Rc6
28. a4 Rcc7 29. a5 Kf6 30. Rb6+ Kf7 31. Rd6 Nc6 32. Nxb7 Rxb7 33. Rxb7 Rxb7 34.
Rxc6 Rb5 35. a6 Ra5 36. Rc7+ Kf6 37. a7 Ra1+ 38. Kh2 Ra6 39. Rc6+ 1-0

[Event "III Miedzynarodowy Memorial Ireny Warakomskiej - Open B"]
[Site "Suwalki"]
[Date "2019.08.12"]
[Round "2.23"]
[White "Paprocki, Antoni "]
[Black "Kacprzak, Karol"]
[Result "1-0"]
[WhiteTitle ""]
[BlackTitle ""]
[WhiteElo "1752"]
[BlackElo "1973"]

1. e4 c5 2. Nf3 d6 3. d4 cxd4 4. Nxd4 Nf6 5. Nc3 a6 6. Be3 e5 7. Nb3 Be6 8. f4
Nc6 9. f5 Bxb3 10. axb3 d5 11. exd5 Nb4 12. Bg5 Be7 13. Qd2 Nfxd5 14. Nxd5 Nxd5
15. Bxe7 Nxe7 16. Bd3 Nc6 17. O-O-O Qf6 18. Be4 O-O 19. g4 Nd4 20. g5 Qb6 21.
Qg2 Rfc8 22. Kb1 Rc7 23. g6 Rac8 24. Qh3 h6 25. gxf7+ Kf8 26. Rhg1 Qf6 27. Rg6
Qxf7 28. f6 1-0

[Event "III Miedzynarodowy Memorial Ireny Warakomskiej - Open B"]
[Site "Suwalki"]
[Date "2019.08.12"]
[Round "2.24"]
[White "Staroszczyk, Mateusz "]
[Black "Wloch, Mikolaj "]
[Result "1-0"]
[WhiteTitle ""]
[BlackTitle ""]
[WhiteElo "1968"]
[BlackElo "1771"]

1. e4 c5 2. Nc3 g6 3. g3 Bg7 4. Bg2 e6 5. d3 Ne7 6. Be3 Qa5 7. Nge2 Nbc6 8. d4
cxd4 9. Nxd4 O-O 10. O-O Qb4 11. a3 Qc4 12. Ndb5 Bxc3 13. Nd6 Qa4 14. bxc3 Kg7
15. Qd2 Ng8 16. Rfd1 b6 17. c4 Ba6 18. e5 Rab8 19. Qc3 Qa5 20. Qb3 Nxe5 21. Bd2
Qc5 22. Bb4 Qc7 23. Nb5 Qxc4 24. Bxf8+ Kxf8 25. Nd6 Qg4 26. Qb4 Be2 27. Rd4 Qg5
28. f4 a5 29. Qd2 1-0

[Event "III Miedzynarodowy Memorial Ireny Warakomskiej - Open B"]
[Site "Suwalki"]
[Date "2019.08.12"]
[Round "2.25"]
[White "Kasperczyk, Szymon "]
[Black "Rosol, Alexander "]
[Result "1-0"]
[WhiteTitle ""]
[BlackTitle ""]
[WhiteElo "1728"]
[BlackElo "1968"]

1. d4 Nf6 2. c4 g6 3. Nc3 Bg7 4. e4 d6 5. Be2 O-O 6. Be3 e5 7. d5 a5 8. g4 h6 9.
g5 Nh7 10. gxh6 Bf6 11. Nf3 Bg4 12. Qd2 Bxf3 13. Bxf3 Bg5 14. Rg1 Bxe3 15. Qxe3
Na6 16. O-O-O Nc5 17. Rg4 Kh8 18. h4 a4 19. Rdg1 Rg8 20. Bd1 Qe7 21. Bc2 Nf6 22.
Rg5 Nh5 23. Ne2 Kh7 24. f4 exf4 25. Nxf4 Nxf4 26. Qxf4 Rae8 27. h5 Nxe4 28. Bxe4
Qxe4 29. Qxf7+ 1-0

[Event "III Miedzynarodowy Memorial Ireny Warakomskiej - Open B"]
[Site "Suwalki"]
[Date "2019.08.12"]
[Round "2.26"]
[White "Skurniak, Szymon "]
[Black "Kupsik, Joanna "]
[Result "1-0"]
[WhiteTitle ""]
[BlackTitle ""]
[WhiteElo "1962"]
[BlackElo "1708"]

1. e4 c5 2. Nf3 e6 3. d4 cxd4 4. Nxd4 Nc6 5. Nc3 Qc7 6. f4 d6 7. Nb3 a6 8. Bd3
Nf6 9. Qf3 Rb8 10. Be3 b5 11. O-O Bb7 12. a4 b4 13. Ne2 Be7 14. a5 O-O 15. Bb6
Qc8 16. Nd2 Nd7 17. Qh3 Nxb6 18. axb6 Qd8 19. Nc4 h6 20. Rad1 Kh8 21. f5 e5 22.
Ng3 Bg5 23. c3 a5 24. Be2 Qe7 25. f6 Bxf6 26. Nf5 Qe8 27. Ncxd6 Qe6 28. Bc4 1-0

[Event "III Miedzynarodowy Memorial Ireny Warakomskiej - Open B"]
[Site "Suwalki"]
[Date "2019.08.12"]
[Round "2.27"]
[White "Hryharovich, Aliaksei"]
[Black "Koloczek, Maciej "]
[Result "0-1"]
[WhiteTitle ""]
[BlackTitle ""]
[WhiteElo "1659"]
[BlackElo "1958"]

1. e4 c5 2. d4 cxd4 3. c3 g6 4. Nf3 Bg7 5. cxd4 d5 6. exd5 Nf6 7. Nc3 O-O 8. Qb3
Nbd7 9. Bd3 Nb6 10. O-O Nbxd5 11. Bd2 b6 12. Rac1 Bb7 13. Rfd1 Nxc3 14. bxc3 Bxf3
15. gxf3 Nh5 16. Bf1 e5 17. Be3 Qh4 18. Qd5 Rae8 19. Qe4 Qe7 20. Bb5 Rd8 21. d5
f5 22. Qb4 Qf6 23. Rc2 Rd6 24. c4 f4 25. Bc1 e4 26. fxe4 Qg5+ 27. Kf1 Qg4 28.
Qd2 Qh3+ 29. Ke1 Qxh2 30. Qe2 f3 31. Qe3 Be5 0-1

[Event "III Miedzynarodowy Memorial Ireny Warakomskiej - Open B"]
[Site "Suwalki"]
[Date "2019.08.12"]
[Round "2.28"]
[White "Bartoszewicz, Marcin "]
[Black "Plesiuk, Jan "]
[Result "1-0"]
[WhiteTitle ""]
[BlackTitle ""]
[WhiteElo "1950"]
[BlackElo "1695"]

1. e4 c5 2. Nf3 Nc6 3. Bb5 g6 4. O-O Bg7 5. d3 e6 6. Bxc6 bxc6 7. e5 Qb6 8. Nbd2
Ba6 9. Ne4 h6 10. Be3 Bf8 11. b3 f6 12. Nh4 Kf7 13. Qg4 fxe5 14. Qxg6+ Ke7 15.
Bxc5+ 1-0

[Event "III Miedzynarodowy Memorial Ireny Warakomskiej - Open B"]
[Site "Suwalki"]
[Date "2019.08.12"]
[Round "2.29"]
[White "Kulesza, Andrzej "]
[Black "Kruczynski, Marek"]
[Result "1-0"]
[WhiteTitle ""]
[BlackTitle ""]
[WhiteElo "1940"]
[BlackElo "1723"]

1. e4 e5 2. Nf3 d6 3. d4 exd4 4. Nxd4 Nf6 5. Nc3 Be7 6. Bc4 O-O 7. O-O c6 8. a4
Qc7 9. Bf4 a5 10. Bg3 g6 11. h3 Na6 12. Qd2 Nc5 13. Rae1 Nh5 14. Bh2 Be6 15. Nxe6
fxe6 16. Kh1 Kh8 17. f4 e5 18. f5 g5 19. g4 Nf4 20. Bxf4 gxf4 21. Rg1 Bh4 22.
Rd1 Rad8 23. Qe2 Qe7 24. Qf3 Qg5 25. b3 Rf6 26. Ne2 Rh6 27. Rg2 Rf8 28. Ng1 Rff6
29. Rgd2 Bg3 30. Bf1 Kg7 31. Bg2 Kf7 32. Rb1 Ke7 33. Qe2 Rh4 34. Nf3 Qh6 35. Nxh4
Qxh4 36. c3 h5 37. gxh5 Rh6 38. Qg4 Qxh5 39. Qg7+ Ke8 40. f6 Rh7 41. Qg8+ Kd7
42. Rbd1 Nxe4 43. Bxe4 Qxh3+ 44. Kg1 Bh2+ 45. Kf2 Bg1+ 46. Kxg1 Qe3+ 47. Kf1 1-0

[Event "III Miedzynarodowy Memorial Ireny Warakomskiej - Open B"]
[Site "Suwalki"]
[Date "2019.08.12"]
[Round "2.30"]
[White "Paszkowski, Krystian "]
[Black "Musial, Tomasz "]
[Result "1/2-1/2"]
[WhiteTitle ""]
[BlackTitle ""]
[WhiteElo "1746"]
[BlackElo "1935"]

1. e4 e6 2. d4 d5 3. Bd3 Nc6 4. c3 e5 5. Qe2 exd4 6. exd5+ Nce7 7. Bb5+ Bd7 8.
cxd4 Nf6 9. Nc3 g6 10. Bg5 Bg7 11. Qf3 Nf5 12. Bxd7+ Qxd7 13. O-O-O h6 14. Bxf6
Bxf6 15. Nge2 Bg7 16. g4 Ne7 17. Rhe1 O-O 18. Ng3 Rad8 19. Re5 f6 20. Re6 Nxd5
21. Qxd5 Qxd5 22. Nxd5 Rxd5 23. Ne2 Rfd8 24. Re1 h5 25. h3 hxg4 26. hxg4 Bh6+
27. Kb1 R5d6 28. Rxd6 Rxd6 29. Kc2 Kf7 30. Rh1 Bg7 31. Rd1 c6 32. Ng3 Rd5 33.
f4 f5 34. gxf5 gxf5 35. Kc3 Ke6 36. b4 b6 37. Kc4 c5 38. Re1+ Kd6 39. dxc5+ bxc5
40. Ne2 cxb4 41. Kxb4 Rd2 42. a4 Kd5 43. Nc3+ Kd4 44. Nb5+ Kd3 45. Re8 Rf2 46.
Nxa7 Rxf4+ 47. Kb5 Re4 48. Rg8 Bc3 49. Nc6 f4 50. Rf8 Ke2 51. a5 Bxa5 52. Nxa5
f3 53. Nb3 f2 54. Nc1+ Ke3 55. Nd3 Kxd3 56. Rxf2 Re2 57. Rxe2 Kxe2 1/2-1/2

[Event "III Miedzynarodowy Memorial Ireny Warakomskiej - Open B"]
[Site "Suwalki"]
[Date "2019.08.12"]
[Round "2.31"]
[White "Tarkowski, Michal"]
[Black "Szczotka, Klara"]
[Result "1/2-1/2"]
[WhiteTitle ""]
[BlackTitle ""]
[WhiteElo "1934"]
[BlackElo "1732"]

1. d4 Nf6 2. Nf3 e6 3. Bg5 h6 4. Bh4 c5 5. c3 cxd4 6. Nxd4 Qb6 7. Qb3 Bc5 8. Bxf6
gxf6 9. e3 Nc6 10. Nd2 d5 11. O-O-O Bd7 12. g3 O-O-O 13. Bg2 e5 14. Qxb6 Bxb6
15. Nxc6 bxc6 16. Nb3 Be6 17. Na1 Kc7 18. Nc2 a5 19. Rd2 f5 20. b3 Rd7 21. Kb2
Rhd8 22. Rc1 Rc8 23. Ne1 f6 24. c4 Kb7 25. c5 Bd8 26. f4 Rf7 27. Nf3 Bc7 28. Bh3
Rd8 29. Nh4 d4 30. Bxf5 Bxf5 31. Nxf5 Rfd7 32. fxe5 Bxe5 33. exd4 Bxd4+ 34. Rxd4
Rxd4 35. Nxd4 Rxd4 36. Rc4 Rd2+ 37. Rc2 Rd5 38. a3 Ka6 39. Rc4 Rd2+ 40. Rc2 Rd5
41. a4 Kb7 42. Ka3 Kc7 43. Rc4 Kb7 44. Rc3 Ka6 45. Rc4 Kb7 46. Rf4 Rxc5 47. Rxf6
h5 48. h4 Kb6 49. Rg6 Rc3 50. Rg5 Re3 51. Rxh5 Rxg3 52. Rh8 Rh3 53. h5 Kc5 54.
h6 Kd4 55. h7 Kc3 56. Rc8 Rxh7 57. Rxc6+ Kd4 58. Rb6 Rh5 59. Rb5 Rxb5 60. axb5
Kc5 1/2-1/2

[Event "III Miedzynarodowy Memorial Ireny Warakomskiej - Open B"]
[Site "Suwalki"]
[Date "2019.08.12"]
[Round "2.32"]
[White "Bebnik, Malgorzata "]
[Black "Szalko, Maciej "]
[Result "1-0"]
[WhiteTitle ""]
[BlackTitle ""]
[WhiteElo "1737"]
[BlackElo "1931"]

1. d4 Nf6 2. c4 g6 3. Nc3 Bg7 4. e4 d6 5. f4 c5 6. dxc5 dxc5 7. Qxd8+ Kxd8 8. Be3
Na6 9. O-O-O Ke8 10. Nf3 Ng4 11. Bg1 Bd7 12. g3 e5 13. h3 Nh6 14. Nxe5 Bxe5 15.
fxe5 Ng8 16. Nd5 Rd8 17. Bg2 b6 18. Be3 h6 19. Bd2 Be6 20. Bc3 Kf8 21. h4 Ne7
22. Bh3 Nc6 23. Bxe6 fxe6 24. Nf4 Kf7 25. Rhf1 Nab4 26. Kb1 g5 27. Nd5+ Ke8 28.
Nc7+ Ke7 29. a3 Nd3 30. Nxe6 Rd7 31. hxg5 Ncxe5 32. Nf4 Rhd8 33. Nd5+ Ke8 34.
Nf6+ Ke7 35. Nxd7 Rxd7 36. Bxe5 1-0

[Event "III Miedzynarodowy Memorial Ireny Warakomskiej - Open B"]
[Site "Suwalki"]
[Date "2019.08.12"]
[Round "2.33"]
[White "Lada, Michal "]
[Black "Kalvaitis, Gintautas "]
[Result "1-0"]
[WhiteTitle ""]
[BlackTitle ""]
[WhiteElo "1928"]
[BlackElo "1751"]

1. e4 e5 2. Nf3 Nc6 3. Bb5 a6 4. Ba4 Nf6 5. O-O d6 6. h3 h6 7. d4 exd4 8. Nxd4
Bd7 9. Nxc6 Bxc6 10. Bxc6+ bxc6 11. c4 Be7 12. Nc3 O-O 13. b3 Nd7 14. Bb2 Bf6
15. Qc2 Re8 16. Rad1 Nc5 17. Rfe1 Be5 18. b4 Ne6 19. Ne2 Qf6 20. Bxe5 Qxe5 21.
Nc1 Reb8 22. Nd3 Qg5 23. Re3 c5 24. bxc5 Nxc5 25. Rg3 Qf6 26. Rf3 Qd4 27. Nxc5
Qxc5 28. Rd5 Qc6 29. Rg3 Qb6 30. Qc3 g6 31. Qd2 Kh7 32. Qf4 Rf8 33. Rh5 1-0